[Event "Olympiad-38"]
[Site "Dresden"]
[Date "2008.11.25"]
[Round "11"]
[White "Adly, Ahmed"]
[Black "Carlsen, Magnus"]
[Result "0-1"]
[WhiteElo "2586"]
[BlackElo "2786"]
[PlyCount "134"]
[EventDate "2008.11.13"]
[EventType "team-swiss"]
[EventRounds "11"]
[EventCountry "GER"]
[SourceTitle "CBM 128"]
[Source "ChessBase"]
[SourceDate "2009.01.28"]
[SourceVersion "1"]
[SourceVersionDate "2009.01.28"]
[SourceQuality "1"]
[WhiteTeam "Egypt"]
[BlackTeam "Norway"]
[WhiteTeamCountry "EGY"]
[BlackTeamCountry "NOR"]

1. d4 Nf6 2. c4 e6 3. Nc3 Bb4 4. e3 O-O 5. Bd3 d5 6. Nf3 b6 7. O-O Bb7 8. cxd5 exd5 9. Bd2 Nbd7 10. Ne5 Nxe5 11. dxe5 Nd7 ({RR} 11... Bxc3 12. Bxc3 Ne4 13. f4 f5 14. Rf3 c5 15. Rh3 g6 16. Be1 Qd7 17. Rc1 Rf7 18. b4 c4 19. Be2 Re8 20. Qd4 Qe6 21. Rh4 b5 22. Bf3 Qb6 23. Be2 Qe6 24. Bf3 Qb6 25. Be2 Qe6 26. Bf3 {Tomic,A (2309)-Scekic,V (2153) Podgorica MNE 2025 ½-½}) 12. Qc2 ({RR} 12. f4 Nc5 13. Bc2 d4 14. Na4 a5 15. Bxb4 axb4 16. Nxc5 bxc5 17. exd4 cxd4 18. Bd3 g6 19. Qd2 Qd5 20. Rae1 Rfe8 21. Be4 Qb5 22. Bxb7 Qxb7 23. f5 Qd5 24. f6 d3 25. Kh1 Qc5 26. e6 Rxe6 {Erigaisi,A (2627)-Le,Q (2709) Kolkata 2021 1-0 (32)}) 12... g6 $146 ({RR} 12... h6 13. f4 Nc5 14. Bh7+ Kh8 15. a3 Bxc3 16. Bxc3 Ne4 17. Bxe4 dxe4 18. f5 Ba6 19. Rf4 Qd3 20. Qf2 Qe2 21. Qg3 Rad8 22. h3 Rd1+ 23. Rxd1 Qxd1+ 24. Kh2 Qh5 25. e6 Rg8 26. Rh4 {1-0 (26) Iniyan,P (2515)-Degenhard,S (2278) Bad Woerishofen GER 2023}) ({RR} 12... h6 13. f4 Nc5 14. Bh7+ Kh8 15. a3 Bxc3 16. Bxc3 Ne4 17. Bxe4 dxe4 18. f5 Ba6 19. Rf4 Qd3 20. Qf2 Qe2 21. Qg3 Rad8 22. h3 Rd1+ 23. Rxd1 Qxd1+ 24. Kh2 Qh5 25. e6 Rg8 26. Rh4 {1-0 (26) Iniyan,P (2515)-Degenhard,S (2278) Bad Woerishofen GER 2023}) 13. f4 Nc5 14. Ne2 Bxd2 15. Qxd2 Nxd3 16. Qxd3 c5 17. Nc3 d4 18. Ne4 Bxe4 19. Qxe4 dxe3 20. Qxe3 Qh4 21. Rad1 Rad8 22. Qf3 Qe7 23. Rf2 Rxd1+ 24. Qxd1 Rd8 25. Rd2 Rxd2 26. Qxd2 Qe6 27. Kf2 Kg7 28. a3 h5 29. Qd3 Qg4 30. g3 Qh3 31. Kg1 Qf5 32. Qe2 a6 33. Kf2 b5 34. Ke3 Qb1 35. Qd2 a5 36. e6 fxe6 37. Qd7+ Kh6 38. Qxb5 Qg1+ 39. Kf3 Qh1+ 40. Ke3 Qxh2 41. Kf3 Qh1+ 42. Kf2 h4 43. gxh4 Qxh4+ 44. Kf3 Qh3+ 45. Ke4 Qg2+ 46. Ke3 a4 47. Qxa4 Qxb2 48. Qa8 Qd4+ 49. Kf3 c4 50. Kg4 c3 51. Qf8+ Qg7 52. Qd8 Kh7 53. Qc8 Qf6 54. a4 g5 55. Qd7+ Kg6 56. fxg5 Qf5+ 57. Kh4 c2 58. Qd2 Qe4+ 59. Kg3 Qc4 60. Qd8 Kh5 61. Qh8+ Kxg5 62. Qg7+ Kf5 63. Qf7+ Ke5 64. Qg7+ Kd5 65. Qd7+ Ke4 66. Qb7+ Kd3 67. Qf3+ Kd2 0-1

[Event "NOR-ch playoff"]
[Site "Oslo"]
[Date "2005.11.07"]
[Round "1"]
[White "Agdestein, Simen"]
[Black "Carlsen, Magnus"]
[Result "1-0"]
[WhiteElo "2582"]
[BlackElo "2570"]
[PlyCount "79"]
[EventDate "2005.11.07"]
[EventType "match"]
[EventRounds "2"]
[EventCountry "NOR"]
[SourceTitle "EXT 2006"]
[Source "ChessBase"]
[SourceDate "2005.11.24"]
[SourceVersion "1"]
[SourceVersionDate "2005.11.24"]
[SourceQuality "1"]

1. d4 Nf6 2. c4 e6 3. Nc3 Bb4 4. Qc2 O-O 5. a3 Bxc3+ 6. Qxc3 b6 7. Nf3 Bb7 8. e3 d5 9. b4 ({RR} 9. b3 Nbd7 10. Bb2 Rc8 11. Be2 c5 12. O-O dxc4 13. bxc4 cxd4 14. exd4 b5 15. c5 Nd5 16. Qd2 Bc6 17. Bd3 Rb8 18. Ng5 N7f6 19. f4 b4 20. Nf3 Bb5 21. Ne5 Bxd3 22. Qxd3 Qc7 23. f5 Rfe8 {Levin,G (2450)-Cheparinov,I (2646) Eforie Nord ROU 2025 0-1 (74)}) 9... Nbd7 ({RR} 9... c5 10. dxc5 bxc5 11. Bb2 Nbd7 12. Be2 Rc8 13. b5 Nb6 14. a4 Nxc4 15. Bxc4 dxc4 16. Qxc4 Ne4 17. O-O Bd5 18. Qc2 c4 19. Bd4 Qe7 20. Nd2 Nxd2 21. Qxd2 Rfd8 22. Qb2 Qg5 23. f4 Qg6 24. Rac1 {Wang,H (2763)-Topalov,V (2735) Chess.com INT 2020 1-0 (59)}) 10. cxd5 $146 ({RR} 10. Bb2 c5 11. dxc5 bxc5 12. Be2 Nb6 13. cxd5 cxb4 14. axb4 Nbxd5 15. Qa3 a6 {½-½ (15) Gladyszev,O (2427)-Grigoriants,S (2550) Moscow 2006}) ({RR} 10. c5 Ne4 11. Qc2 Ndf6 12. Bd3 a5 13. c6 Bc8 14. b5 a4 15. O-O h6 16. Rb1 Nd6 17. Rb4 Nfe4 18. Nd2 f5 19. f3 Nf6 20. Rxa4 Rb8 21. Rf2 Qe7 22. Bb2 g5 23. Ra7 f4 24. e4 dxe4 {Feng,R (2305)-Colasurdo,J (2052) Vancouver 2014 1-0 (37)}) 10... Nxd5 11. Qb2 Qc8 12. Bd2 c5 13. Rc1 Ba6 14. dxc5 Bxf1 15. Rxf1 bxc5 16. bxc5 Rb8 17. Qc2 Qc6 18. e4 N5f6 19. Nd4 Qa6 20. f4 e5 21. Nf5 exf4 22. c6 Ne5 23. Rf3 Rbe8 24. Bb4 Nxe4 25. Ne7+ Rxe7 26. Bxe7 Re8 27. Qxe4 Rxe7 28. c7 Re8 29. Kd1 Qc8 30. Rd3 Kf8 31. Qb4+ Kg8 32. Qe4 Kf8 33. Rd4 Ng6 34. Qd5 Qg4+ 35. Kc2 Ne7 36. Qf3 Qg6+ 37. Kd2 Qb6 38. Qxf4 Qa5+ 39. Rc3 Nf5 40. Rdd3 1-0

[Event "Norway Chess 8th"]
[Site "Stavanger"]
[Date "2020.10.05"]
[Round "1"]
[White "Aronian, Levon"]
[Black "Carlsen, Magnus"]
[Result "1/2-1/2"]
[WhiteElo "2767"]
[BlackElo "2863"]
[PlyCount "60"]
[EventDate "2020.10.05"]
[EventType "tourn"]
[EventRounds "10"]
[EventCountry "NOR"]
[EventCategory "21"]
[SourceTitle "CBM 199"]
[Source "ChessBase"]
[SourceDate "2020.12.01"]
[SourceVersion "1"]
[SourceVersionDate "2020.12.01"]
[SourceQuality "1"]

1. d4 Nf6 2. c4 e6 3. Nf3 d5 4. Nc3 Bb4 5. e3 O-O 6. Bd2 b6 7. cxd5 exd5 8. Rc1 Re8 9. Bd3 Ba6 10. Bxa6 Nxa6 11. O-O Bf8 12. Ne2 Qc8 13. Qa4 c5 14. Ng3 $146 ({RR} 14. dxc5 Nxc5 15. Qc2 Qa6 16. Bc3 Nfe4 17. a3 Rac8 18. Rcd1 Na4 19. Rxd5 Naxc3 20. Nxc3 Nxc3 21. bxc3 Qxa3 22. c4 Red8 23. Rxd8 Rxd8 24. Nd4 g6 25. g3 Rc8 26. Rb1 Bg7 27. Nb5 Qe7 28. Qa4 a5 {Caruana,F (2835)-Carlsen,M (2863) chess24.com INT 2020 ½-½ (54)}) 14... Qb7 15. dxc5 Nxc5 16. Qb5 Rac8 17. Rfd1 a6 18. Qf1 Nfe4 19. Be1 g6 20. Ne2 Na4 21. Rb1 Bg7 22. Nfd4 Nac5 23. Nf3 Ne6 24. Ned4 Nxd4 25. Nxd4 Rc4 26. b3 Rc7 27. Qd3 Nc5 28. Qd2 Ne4 29. Qd3 Nc5 30. Qd2 Ne4 1/2-1/2

[Event "FIDE Chess.com Grand Swiss"]
[Site "Douglas"]
[Date "2019.10.21"]
[Round "11"]
[White "Aronian, Levon"]
[Black "Carlsen, Magnus"]
[Result "1/2-1/2"]
[WhiteElo "2758"]
[BlackElo "2876"]
[PlyCount "67"]
[EventDate "2019.10.10"]
[EventType "swiss"]
[EventRounds "11"]
[EventCountry "IOM"]
[SourceTitle "CBM 193"]
[Source "ChessBase"]
[SourceDate "2019.12.31"]
[SourceVersion "1"]
[SourceVersionDate "2019.12.31"]
[SourceQuality "1"]

1. d4 Nf6 2. c4 e6 3. Nc3 Bb4 4. f3 c5 5. d5 b5 6. e4 d6 7. Bd2 Bxc3 8. Bxc3 b4 9. Bd2 O-O 10. Be3 exd5 11. cxd5 Nfd7 ({RR} 11... Qa5 12. Ne2 Ba6 13. Ng3 Bxf1 14. Rxf1 Re8 15. Kf2 Nbd7 16. Kg1 Ne5 17. Qe2 a6 18. Bg5 Ned7 19. Nf5 Qb6 20. Qf2 g6 21. Qg3 Re5 22. Bf4 Nh5 23. Nh6+ Kf8 24. Qh4 c4+ 25. Kh1 Nxf4 26. Qxf4 {Ebrahimi Herab,H (2412)-Kanakaris,G (2396) chess.com INT 2025 1-0 (38)}) 12. Ne2 f5 13. exf5 Rxf5 $146 ({RR} 13... Nb6 14. Ng3 Bb7 15. Bd3 Bxd5 16. Be4 Bc6 17. O-O Qe7 18. Rc1 Bxe4 19. Nxe4 Rxf5 20. Qxd6 Qxd6 21. Nxd6 Rd5 22. Bxc5 Na6 23. Bxb6 axb6 24. Nc4 Rad8 25. Nxb6 Ra5 26. Ra1 Rc5 27. Rfc1 Rd2 28. Nc4 {Juksta,K (2416)-Melillo,L (2104) Austin, TX USA 2024 1-0 (36)}) ({RR} 13... Nb6 14. Ng3 Bb7 15. Bd3 Bxd5 16. Be4 Bc6 17. O-O Qe7 18. Rc1 Bxe4 19. Nxe4 Rxf5 20. Qxd6 Qxd6 21. Nxd6 Rd5 22. Bxc5 Na6 23. Bxb6 axb6 24. Nc4 Rad8 25. Nxb6 Ra5 26. Ra1 Rc5 27. Rfc1 Rd2 28. Nc4 {Juksta,K (2416)-Melillo,L (2104) Austin, TX USA 2024 1-0 (36)}) 14. Ng3 Re5 15. Kf2 Qh4 16. Qd2 Nf6 17. Rc1 Ba6 18. b3 Nxd5 19. Rc4 Qe7 20. Re4 Qe6 21. Bf4 Nxf4 22. Qxf4 Bxf1 23. Rxe5 dxe5 24. Qe4 Nc6 25. Rxf1 c4 26. Nf5 cxb3 27. Qxc6 Qxc6 28. Ne7+ Kf8 29. Nxc6 bxa2 30. Nxb4 Rb8 31. Ra1 Rxb4 32. Rxa2 Rb7 33. Ke3 Ke7 34. Ra6 1/2-1/2

[Event "NOR-chT Elite 2122"]
[Site "Norway"]
[Date "2021.10.29"]
[Round "1.2"]
[White "Arvola, Benjamin"]
[Black "Carlsen, Magnus"]
[Result "0-1"]
[WhiteElo "2471"]
[BlackElo "2855"]
[PlyCount "114"]
[EventDate "2021.10.29"]
[EventType "team-tourn"]
[EventRounds "9"]
[EventCountry "NOR"]
[SourceTitle "CBM 204 Extra"]
[Source "ChessBase"]
[SourceDate "2022.09.12"]
[SourceVersion "1"]
[SourceVersionDate "2022.09.12"]
[SourceQuality "1"]
[WhiteTeam "Tromsoe"]
[BlackTeam "Offerspill"]
[WhiteTeamCountry "NOR"]
[BlackTeamCountry "NOR"]

1. e4 c6 2. d4 d5 3. exd5 cxd5 4. c4 Nf6 5. Nc3 e6 6. Nf3 Bb4 7. Bd3 dxc4 8. Bxc4 O-O 9. O-O b6 10. Bg5 Bb7 11. Ne5 h6 ({RR} 11... Bxc3 12. bxc3 Nbd7 13. Nxd7 Qxd7 14. Bxf6 gxf6 15. d5 Bxd5 16. Qg4+ Kh8 17. Qh4 Bxc4 18. Qxf6+ Kg8 19. Qg5+ Kh8 {½-½ (19) Shirov,A (2691)-Giri,A (2768) Hoogeveen 2014}) 12. Bh4 Nc6 ({RR} 12... Be7 13. Re1 Nc6 14. Nf3 Rc8 15. Bb3 Na5 16. d5 Nxb3 17. axb3 Nxd5 18. Bxe7 Nxe7 19. Rxa7 Qxd1 20. Rxd1 Bxf3 21. gxf3 Nc6 22. Rb7 Rb8 23. Rxb8 Rxb8 24. Na4 b5 25. Nc5 Rc8 26. Kg2 Nb4 27. Ne4 {Botez,A (1986)-Sidhant,M (2379) Reykjavik ISL 2024 0-1 (71)}) 13. Bxf6 Qxf6 $146 ({RR} 13... gxf6 14. Qg4+ Kh7 15. Nxc6 Bxc6 16. d5 f5 17. Qf3 Bb7 18. Rad1 Rc8 19. Bb3 Rg8 20. Qh3 Qg5 21. f4 Qg7 22. Rf3 Qg4 23. Rd2 exd5 24. Bxd5 Bxc3 25. bxc3 Bxd5 26. Rxd5 Rgd8 27. Rxf5 Rd1+ 28. Kf2 {Illingworth,M (2006)-Dowden,R (2190) Parramatta 2007 ½-½ (31)}) 14. Nd7 Qh4 15. Nxf8 Rxf8 16. Re1 Nxd4 17. Bd3 f5 18. Re3 f4 19. Rh3 Qg5 20. Be4 Bxe4 21. Nxe4 Qe5 22. Rd3 Bc5 23. Nxc5 bxc5 24. f3 Rb8 25. b3 a5 26. Qe1 Qd5 27. Qe4 Qxe4 28. fxe4 Rb4 29. Kf2 a4 30. bxa4 Rxa4 31. Rc3 c4 32. a3 Nb5 33. Rcc1 Nd4 34. Rc3 Nb5 35. Rcc1 Nd4 36. Rcb1 Nb3 37. Ra2 Kf7 38. Kf3 g5 39. Ke2 Kf6 40. Kd1 Ke5 41. Kc2 g4 42. Kc3 f3 43. h3 h5 44. hxg4 hxg4 45. Rh1 Kf4 46. e5 Kxe5 47. gxf3 gxf3 48. Rh4 Nc1 49. Rah2 Ne2+ 50. Kc2 Kd5 51. Rh8 e5 52. Kb2 c3+ 53. Kb3 Ra7 54. Rc8 Rb7+ 55. Ka2 Rb2+ 56. Ka1 Rd2 57. a4 Nd4 0-1

[Event "Biel GM 41st"]
[Site "Biel"]
[Date "2008.07.29"]
[Round "8"]
[White "Bacrot, Etienne"]
[Black "Carlsen, Magnus"]
[Result "1/2-1/2"]
[WhiteElo "2691"]
[BlackElo "2775"]
[PlyCount "62"]
[EventDate "2008.07.20"]
[EventType "tourn"]
[EventRounds "10"]
[EventCountry "SUI"]
[EventCategory "18"]
[SourceTitle "CBM 126"]
[Source "ChessBase"]
[SourceDate "2008.10.01"]
[SourceVersion "1"]
[SourceVersionDate "2008.10.01"]
[SourceQuality "1"]

1. d4 {Marin,Mihail Carlsen,Magnus} Nf6 2. c4 e6 3. Nc3 Bb4 4. Nf3 c5 ({RR} 4... b6) 5. g3 cxd4 6. Nxd4 O-O ({RR} 6... Ne4 7. Qd3 Bxc3+ 8. bxc3 Nc5 9. Qf3 d6 10. Bg2 e5 11. Nf5 Qf6 12. Ne3 Qxf3 13. Bxf3 Be6 14. Ba3 Nba6 15. O-O-O Ke7 16. Bg2 Rad8 17. f4 f6 18. Rhf1 b6 19. g4 Nc7 20. h4) 7. Bg2 d5 8. cxd5 Nxd5 9. Qb3 Qa5 10. Bd2 Nc6 11. Nxc6 bxc6 12. O-O Bxc3 13. bxc3 Ba6 14. Rfd1 Qc5 ({RR} 14... Rab8 15. c4 Qc5 16. cxd5 Rxb3 17. axb3) ({RR} 14... Bxe2 15. c4) 15. e4 Bc4 16. Qa4 Nb6 17. Qb4 Qh5 18. Bf4 ({RR} 18. Re1 c5 ({RR} 18... Be2 19. h3 Rfd8 ({RR} 19... c5 20. Qb3) 20. Bf4 Rac8 ({RR} 20... e5 21. g4 Qg6 22. Bxe5) 21. g4 Qb5 22. a4 Qa6 23. a5) 19. Qa5 Rfc8 20. Be3 ({RR} 20. Bf4 e5 21. Be3 Be6) 20... Be2 21. Bf4 ({RR} 21. h3 Nc4 22. Qa6 Nxe3 23. Rxe2 Nxg2 24. Kxg2 Qe5) 21... e5 22. Be3 ({RR} 22. Bxe5 Nc4 23. Qa6 Qxe5 24. Rxe2 Qxc3) 22... Bg4 ({RR} 22... Nc4 23. Qa6 Nxe3 ({RR} 23... Bd3 24. Rad1) 24. Rxe2 Nxg2 25. Kxg2) ({RR} 22... f6 23. Bxc5 Nc4 24. Qb5 Rab8 25. Qd7 Rxc5 26. Rab1 Rb6 ({RR} 26... Rf8 27. Rb7 Qf7 28. Rxe2) ({RR} 26... Rxb1 27. Rxb1 h6 ({RR} 27... Nb6 28. Qxa7) 28. Bh3) 27. Bh3 Kf8 28. Rxb6 axb6 29. Be6 Qe8 30. Qxe8+ Kxe8 31. Rxe2) ({RR} 22... h6 23. h3) 23. Qa6 f6 24. a4 Qf7 25. Bf1 Be6 26. Rab1 ({RR} 26. a5 Bc4 27. Bxc4 Nxc4 ({RR} 27... Qxc4 28. axb6) 28. Rab1 Rc7) 26... c4 ({RR} 26... Rc7 27. Rxb6) ({RR} 26... Bc4 27. Bxc4 Qxc4 ({RR} 27... Nxc4 28. Rb7) 28. Rxb6) ({RR} 26... f5 27. exf5) 27. a5 Na4 ({RR} 27... Nd7 28. Rb7) 28. Rb7 Qe8 29. Qd6 {1-0 (29) Kramnik,V (2772)-Anand,V (2783) Bonn 2008 CBM 127 [Marin,Mihail]} {RR} Bf7 30. Qb4 Rab8 31. a6) ({RR} 18. Be3 Be2 19. Rd2 Rab8 20. Bxb6 axb6 21. Qd6 Rfc8 ({RR} 21... Bf3 22. Qxc6 Bxg2 23. Kxg2 Qe5 24. Qc4 Rfc8 25. Qd4 Qa5 26. Rb1 h6 27. Rb4 Qc5 28. Rd3 Qc7) 22. Rb1 h6 23. e5 Bf3 24. a4 Ra8 25. Qd4 b5 26. Bxf3 Qxf3 27. Rd3) ({RR} 18. Be3 Be2 19. Re1 Nc4 20. Qc5 Nxe3 21. Qxe3 Bc4 22. Qd4 Be2 23. Qd6 Rac8 24. h3 Rfd8 25. Qe7 a5 26. g4 Qb5 27. Rab1 Qc4 28. Rb7 Rf8 29. Qa3 c5 30. Qxa5 Ra8 31. Ra7 Rxa7 32. Qxa7 h5 {Chatalbashev,B (2466)-Hammer,J (2596) Hell NOR 2024 ½-½ (35)}) 18... c5 ({RR} 18... Be2 19. Re1 c5 20. Qb3 e5 21. Bc1) ({RR} 18... e5) ({RR} 18... Be2) 19. Qb2 ({RR} 19. Qa5 e5 20. Be3 Be2 21. Re1 Nc4 ({RR} 21... Rfc8) 22. Qa6 Nxe3 23. Rxe2 Nxg2 24. Kxg2) ({RR} 19. Qa5 e5 20. Be3 Be2 21. Re1 Nc4 22. Qa6 Nxe3 23. Rxe2 Nxg2 24. Kxg2 Rad8 25. Rae1 Rd7 26. Qb5 Rfd8 ({RR} 26... Rc7 27. Rd2) 27. Qxc5) ({RR} 19. Qa5 Be2 20. Re1 e5 21. Bxe5 Nc4 22. Qa6 Qxe5 23. Rxe2 Qxc3 24. Ree1 Ne5 25. Rec1 Qd2 26. Rd1 Qb4 27. Rdb1 {½-½ (27) Bacrot,E (2714)-Moiseenko,A (2715) San Sebastian 2012}) 19... Rad8 20. Rxd8 $146 ({RR} 20. Re1 Rd7 21. h3 h6 ({RR} 21... Rfd8 22. Qa3) 22. a4 Ba6 23. Qa2 ({RR} 23. g4 Qh4 24. Red1) 23... Rfd8 24. a5 Nc4 25. Bf1 ({RR} 25. e5 g5 26. g4 ({RR} 26. Bc1 Rd1 27. Ba3 Rxe1+ 28. Rxe1 Rd1 29. Rxd1 Qxd1+ 30. Kh2 Qa4) 26... Qg6 27. Be4 Qg7 28. Bg3 Nd2) 25... e5 26. g4 ({RR} 26. Bc1 Rd1 27. g4 Rxe1 28. gxh5 Rdd1) 26... Qg6 27. Bxc4 exf4 ({RR} 27... Bxc4 28. Qxc4 exf4 29. Qxc5 Rd3) 28. Bd5 f3 29. c4 ({RR} 29. Re3 Be2 30. Rxe2 fxe2 31. Qxe2 Rb8) 29... h5 30. Kh2 Qf6 31. Rg1 hxg4 32. Rab1 ({RR} 32. Rxg4 Bxc4 33. Qxc4 ({RR} 33. Bxc4 Rd2 34. Qa4 ({RR} 34. Qa3 Rxf2+ 35. Kg1 Qd4) 34... Rxf2+ 35. Kg1 Rfd2 ({RR} 35... Qd4 36. Bxf7+)) 33... Qxa1 34. Qxc5) ({RR} 32. Rac1 Qf4+ 33. Kh1 Qh6) 32... Bxc4 33. Qxc4 Qf4+ 34. Rg3 Rxd5 {Jakovenko,D (2710)-Carlsen,M (2714) Moscow 2007 CBM 122 [Carlsen,Magnus] 0-1 (41)}) ({RR} 20. f3) ({RR} 20. Rd2 e5 21. Be3 Be6 22. Rxd8 Rxd8 23. f3 Nc4 24. Qf2 h6 25. Bxc5 Rd2 26. Qf1 a5 27. a4 Qg5 28. Qe1 Rd3 29. Rd1 Qd8 30. Rxd3 Qxd3 31. f4 Nd2 32. Be3 Nxe4 33. fxe5 Nxc3 34. Bf1 Qc2 {Feller,S (2523)-Sokolov,A (2561) Pau 2008 ½-½ (36)}) 20... Rxd8 21. f3 ({RR} 21. h3) 21... f5 22. exf5 Qxf5 23. Re1 Qd5 24. Qa3 Qc6 25. Qxa7 Ra8 26. Qe7 Nd5 27. Qd6 Qxd6 28. Bxd6 Nxc3 29. Bxc5 Rxa2 30. Bf1 Bxf1 31. Kxf1 Kf7 1/2-1/2

[Event "FIDE World Cup"]
[Site "Khanty-Mansiysk"]
[Date "2005.12.06"]
[Round "4.1"]
[White "Bareev, Evgeny"]
[Black "Carlsen, Magnus"]
[Result "1/2-1/2"]
[WhiteElo "2675"]
[BlackElo "2570"]
[PlyCount "43"]
[EventDate "2005.11.27"]
[EventType "k.o."]
[EventRounds "7"]
[EventCountry "RUS"]
[SourceTitle "CBM 111"]
[Source "ChessBase"]
[SourceDate "2006.04.04"]
[SourceVersion "1"]
[SourceVersionDate "2006.04.04"]
[SourceQuality "1"]

1. d4 Nf6 2. c4 e6 3. Nc3 Bb4 4. Qc2 d5 5. cxd5 exd5 6. Bg5 c5 7. dxc5 h6 8. Bh4 g5 9. Bg3 Ne4 10. e3 Qa5 11. Nge2 Bf5 12. Be5 O-O 13. Nd4 Nxc3 14. Nxf5 Ne4+ 15. Kd1 Nc6 16. Bd6 Bxc5 17. Bxc5 Nxc5 18. Nxh6+ Kh8 19. h4 g4 20. f3 $146 ({RR} 20. Qf5 Ne4 {0-1 (20) Adar,I (1975)-Gorodetzky,D (2331) Jerusalem 2016}) 20... d4 21. Qf5 dxe3 22. Qf6+ 1/2-1/2

[Event "FIDE World Cup"]
[Site "Khanty-Mansiysk"]
[Date "2005.12.08"]
[Round "4.4"]
[White "Bareev, Evgeny"]
[Black "Carlsen, Magnus"]
[Result "1/2-1/2"]
[WhiteElo "2675"]
[BlackElo "2570"]
[PlyCount "98"]
[EventDate "2005.11.27"]
[EventType "k.o."]
[EventRounds "7"]
[EventCountry "RUS"]
[SourceTitle "CBM 111"]
[Source "ChessBase"]
[SourceDate "2006.04.04"]
[SourceVersion "1"]
[SourceVersionDate "2006.04.04"]
[SourceQuality "1"]

1. d4 Nf6 2. c4 e6 3. Nc3 Bb4 4. Qc2 d5 5. a3 Bxc3+ 6. Qxc3 Ne4 7. Qc2 c5 8. dxc5 Nc6 9. Nf3 Qa5+ 10. Bd2 Qxc5 11. e3 Nxd2 12. Nxd2 d4 ({RR} 12... dxc4 13. Bxc4 O-O 14. Rc1 Rd8 15. O-O Bd7 16. Be2 Qxc2 17. Rxc2 Rac8 18. Rfc1 Ne7 19. Rxc8 Rxc8 20. Rxc8+ Nxc8 21. Kf1 Kf8 22. Ke1 Ke7 23. f4 Bc6 24. g3 f6 25. Bd3 h6 26. Ke2 Nb6 27. Nc4 {So,W (2757)-Carlsen,M (2832) chess.com INT 2024 ½-½ (35)}) ({RR} 12... dxc4 13. Bxc4 O-O 14. O-O e5 15. b4 Qe7 16. Bd3 h6 17. Be4 Bd7 18. Nb3 Rac8 19. Nc5 Nd8 20. Rfd1 Bc6 21. Bxc6 Rxc6 22. Qe4 Rc7 23. Rd5 b6 24. Nd3 f6 25. h4 Nf7 26. b5 Rfc8 27. Nb4 {Iniyan,P (2495)-Kazmin,S (2178) chess.com INT 2024 1-0 (75)}) 13. b4 Qe7 14. Nf3 dxe3 $146 ({RR} 14... e5 15. Be2 Bg4 16. O-O dxe3 17. fxe3 Rd8 18. h3 Bh5 19. b5 e4 20. bxc6 {½-½ (20) Schandorff,L (2537)-Hammer,J (2494) Borup 2008}) 15. fxe3 a5 16. b5 Nb8 17. c5 Nd7 18. Rc1 Nf6 19. Be2 O-O 20. O-O Bd7 21. a4 Rfc8 22. Ne5 Be8 23. Bf3 Nd5 24. Bxd5 exd5 25. Qc3 Rc7 26. Qd4 Rac8 27. Nd3 f6 28. Rc3 Bg6 29. Rfc1 Bxd3 30. Qxd5+ Kf8 31. Qxd3 Rxc5 32. Rxc5 Rxc5 33. Rxc5 Qxc5 34. Qd8+ Kf7 35. Qxa5 Qxe3+ 36. Kf1 Qf4+ 37. Kg1 h5 38. Qb6 Qe4 39. Kf2 Qh4+ 40. Ke2 Qe4+ 41. Kf2 Kg6 42. a5 Qc2+ 43. Kf1 Qd1+ 44. Kf2 Qd2+ 45. Kf1 Qf4+ 46. Kg1 h4 47. h3 Qe4 48. a6 bxa6 49. bxa6 Qe1+ 1/2-1/2

[Event "Amsterdam NH Hotels 1st"]
[Site "Amsterdam"]
[Date "2006.08.22"]
[Round "4"]
[White "Beliavsky, Alexander G"]
[Black "Carlsen, Magnus"]
[Result "1/2-1/2"]
[WhiteElo "2625"]
[BlackElo "2675"]
[PlyCount "35"]
[EventDate "2006.08.19"]
[EventType "schev"]
[EventRounds "10"]
[EventCountry "NED"]
[SourceTitle "CBM 114"]
[Source "ChessBase"]
[SourceDate "2006.10.02"]
[SourceVersion "1"]
[SourceVersionDate "2006.10.02"]
[SourceQuality "1"]

1. d4 Nf6 2. c4 e6 3. Nc3 Bb4 4. e3 O-O 5. Bd3 d5 6. Nf3 c5 7. O-O dxc4 8. Bxc4 Nbd7 9. a3 Ba5 10. Bd2 ({RR} 10. Nb5 cxd4 11. Qxd4 Bb6 12. Qh4 Ne8 13. Qxd8 Bxd8 14. Bd2 a6 15. Nbd4 Nd6 16. Ba2 Ne4 17. Bb4 Re8 18. Rfd1 b6 19. Rac1 Bf6 20. h3 Ndc5 21. Nh2 a5 22. Be1 Ba6 23. Ng4 Be7 24. Ne5 Bf6 {Aleksandrov,A (2659)-Adams,M (2740) Mallorca 2004 ½-½}) ({RR} 10. Qd3 a6 11. dxc5 Nxc5 12. Qxd8 Bxd8 13. b4 Nce4 14. Nxe4 Nxe4 15. Bb2 b5 16. Bd3 Bb7 17. Rfc1 Bd5 18. Ne5 f6 19. Nc6 Nd2 20. Rc2 Nc4 21. Nxd8 Rfxd8 22. Bd4 e5 23. Bc5 e4 24. Be2 Ne5 {Beliavsky,A (2646)-Kotronias,V (2603) Gibraltar 2009 1-0 (53)}) 10... b6 ({RR} 10... cxd4 11. Nxd4 Ne5 12. Be2 Bd7 13. Qb3 Nc6 14. Nf3 Qe7 15. Rfd1 Rfd8 16. Be1 Be8 17. h3 h6 18. Rxd8 Rxd8 19. Rd1 Rxd1 20. Qxd1 Qd8 21. Qxd8 Bxd8 22. Kf1 Kf8 23. Bd3 Nd7 24. Ke2 Nde5 25. Nxe5 {Wang Yue (2654)-Liu,Y (2574) Qingdao CHN 2024 ½-½ (31)}) 11. Qb1 $146 ({RR} 11. Qe2 Bb7 12. Rad1 a6 13. dxc5 bxc5 14. Ba2 Qc7 15. Rc1 Bc6 16. Nb1 Rab8 17. b4 Ng4 18. Rfd1 Bxf3 19. Qxf3 Qxh2+ 20. Kf1 Qh4 21. g3 Qh5 22. Ke2 Nde5 23. Rxc5 Rb5 24. Rxe5 Rxe5 25. Rh1 Qg6 {Del Rio de Angelis,S (2517)-Guerrero Vargas,A (2303) Linares 2014 0-1 (41)}) 11... Bxc3 12. Bxc3 Bb7 13. Rd1 Qc7 14. dxc5 Qxc5 15. Be2 Rfd8 16. Qd3 Qf8 17. Qc4 Ne4 18. Bb4 1/2-1/2

[Event "Titled Tue 28th Feb Late"]
[Site "chess.com INT"]
[Date "2023.02.28"]
[Round "6"]
[White "Bluebaum, M.."]
[Black "Carlsen, M.."]
[Result "0-1"]
[WhiteElo "2663"]
[BlackElo "2852"]
[PlyCount "62"]
[EventDate "2023.02.28"]

1. d4 Nf6 2. c4 e6 3. Nc3 Bb4 4. e3 O-O 5. Bd2 d5 6. Nf3 Re8 7. Rc1 a6 8. c5 Nc6 9. a3 Bxc3 10. Bxc3 Ne4 11. Qc2 $146 ({RR} 11. Be2 e5 12. dxe5 Nxc3 13. Rxc3 Nxe5 14. O-O c6 15. Nd4 Qf6 16. b4 Ng6 17. Re1 Nh4 18. Bf1 Bd7 19. Qd2 Re5 20. a4 h6 21. Rb3 Re4 22. Kh1 Rae8 23. b5 axb5 24. axb5 Nf5 25. Nxf5 Bxf5 {Aczel,G (2481)-Movsesian,S (2610) Skalica SVK 2023 ½-½ (52)}) 11... e5 12. Nxe5 Nxe5 13. dxe5 Nxc5 14. b4 Ne4 15. Bb2 c6 16. Bd3 Bf5 17. f3 Qh4+ 18. Ke2 Qf2+ 19. Kd1 Qxe3 20. Rf1 Ng3 21. hxg3 Bxd3 22. Qf2 Qg5 23. Re1 h5 24. Qd2 Qg6 25. Rc3 Bf5 26. Qf2 a5 27. Rh1 axb4 28. axb4 d4 29. Rc4 Be6 30. Rxd4 Qb1+ 31. Bc1 Bb3+ 0-1

[Event "Titled Tue 4th Mar Late"]
[Site "chess.com INT"]
[Date "2025.03.04"]
[Round "5"]
[White "Bluebaum, M.."]
[Black "Carlsen, M.."]
[Result "0-1"]
[WhiteElo "2643"]
[BlackElo "2833"]
[PlyCount "78"]
[EventDate "2025.03.04"]

1. d4 Nf6 2. c4 e6 3. Nc3 Bb4 4. e3 b6 5. Bd3 Bb7 6. Nf3 O-O 7. Bd2 d6 8. O-O Nbd7 9. a3 Bxc3 10. Bxc3 Ne4 11. Be1 f5 12. Kh1 Rf6 13. Ng1 Rh6 ({RR} 13... Rg6 14. f3 Qg5 15. Qe2 Nef6 16. Nh3 Qh6 17. Nf4 e5 18. Nxg6 hxg6 19. d5 Kf7 20. f4 Rh8 21. h3 Nc5 22. Bc2 c6 23. dxc6 Bxc6 24. Kg1 Nce4 25. Rd1 Re8 26. fxe5 dxe5 27. b4 Kg8 28. c5 {Bluebaum,M (2643)-Bharadia Yash (2368) chess.com INT 2025 1-0 (61)}) 14. f3 Ng5 15. Qe2 Qe7 $146 ({RR} 15... Qe8 16. Bg3 Qh5 17. Rae1 Rf8 18. Qd2 a5 19. b4 axb4 20. axb4 e5 21. dxe5 Nxe5 22. Be2 Qg6 23. Bf4 Rh5 24. Qb2 Ne6 25. Nh3 Re8 26. Qc3 Qf6 27. Bg3 Rxh3 28. Bxe5 dxe5 29. gxh3 f4 30. c5 {Bluebaum,M (2670)-Popov,K (2345) chess.com INT 2023 ½-½ (86)}) ({RR} 15... Qe8 16. Bg3 Qh5 17. Rae1 Rf8 18. Qc2 Rff6 19. Ne2 Nxf3 20. gxf3 Bxf3+ 21. Kg1 Rfg6 22. Kf2 Bb7 23. Rd1 Nf6 24. Ke1 Ng4 25. Kd2 Nxh2 26. Rf2 Ng4 27. Rff1 Qh3 28. Rg1 Nh2 29. Nf4 Nf3+ 30. Kc1 {Bluebaum,M (2657)-Kopylov,A (2397) chess.com INT 2022 1-0 (41)}) 16. b4 Rf8 17. Bc3 Nf6 18. Qe1 Nh5 19. Ne2 e5 20. d5 e4 21. fxe4 Nxe4 22. Bxe4 Qxe4 23. Nf4 Qxc4 24. Rd1 Qxf1+ 25. Qxf1 Ng3+ 26. Kg1 Nxf1 27. Rxf1 Re8 28. Bd4 Re7 29. h3 g5 30. Ne6 Bxd5 31. Nxg5 Rg6 32. Rxf5 Bxg2 33. h4 Be4 34. Rf6 h6 35. Rxg6+ Bxg6 36. Nh3 c5 37. bxc5 dxc5 38. Nf4 cxd4 39. Nxg6 Rxe3 0-1